A carregar...

The new poetic yeats to Eliot/

Detalhes bibliográficos
Autor principal: Stead C K
Formato: Printed Book
Publicado em: London: Continuum, 2005.
Assuntos:
LEADER 00678nam a22001937a 4500
020 |a 9780826479334 
082 |a 821.912 09  |b STE/N 
100 |a Stead C K  |9 58863 
245 |a The new poetic yeats to Eliot/  |c by Stead C K 
260 |a London:  |b Continuum,  |c 2005. 
300 |a 180p. 
650 |a English Poetry 20th Century  |9 58864 
650 |a American Poetry 20th Century  |9 58865 
650 |a Poets 20th Century  |9 58866 
650 |a Literature English  |9 58867 
650 |a Literature  |9 58868 
942 |c BK 
999 |c 139029  |d 139029 
952 |0 0  |1 0  |4 0  |6 821_912000000000000_09_STE_N  |7 0  |9 95966  |a SSUS  |b SSUS  |c STACKS  |d 2018-09-13  |g 175.00  |o 821.912 09 STE/N  |p 091694  |r 2018-09-13  |w 2018-09-13  |y BK